| 000 | 01080nam a2200229 i 4500 | ||
|---|---|---|---|
| 001 | 152079 | ||
| 003 | ES-MaACL | ||
| 005 | 20251012173904.0 | ||
| 008 | 931025s1800 sp |||| | spa d | ||
| 040 |
_aBiblioteca Diocesana de Zamora. Catálogo de Fondo Antiguo _bspa _cPAB |
||
| 130 | 0 |
_aBiblia. _pA.T. _pSalmos. _lEspañol. _9119277 |
|
| 245 | 1 | 0 |
_aSalterio Español o Version parafrástica de los Salmos de David, de los Canticos de Moises, de otros Canticos ... _b: para uso de los que no saben latin / _cpor el autor del Evangelio en triunfo. |
| 260 |
_aEn Madrid : _b[s.n.], _c1800 ( _fen la imprenta de Don Joseph Doblado) |
||
| 300 |
_aXVIII, 492 [i.e. 493] p. ; _c4º. |
||
| 594 | 1 | _aEl autor de "El Evangelio en triunfo" es Pablo de Olavide y Jauregui. | |
| 597 | 1 | _aSign.: A-Z\p4\s, 2A-2Z\p4\s, 3A-3S\p4\s. | |
| 597 | 1 | _aError de pag., repite la p. 2. | |
| 700 | 1 |
_aOlavide, Pablo de, _d1725-1803 _9174364 |
|
| 740 | 0 | _aVersion parafrastica de los Salmos de David. | |
| 852 |
_aES-MaACL _jR-1372 _z-- Enc. pasta _x Olim: G-13613 |
||
| 999 |
_c152079 _d152079 |
||